Statistics for People of the American Old West - Picture Quiz

Click here to take the quiz!

General Stats

  • This quiz has been taken 192 times
  • The average score is 6 of 10

Answer Stats

Answer% Correct
Billy the Kid
88%
Sitting Bull
81%
Buffalo Bill
78%
Geronimo
77%
Wyatt Earp
75%
Jesse James
66%
Wild Bill Hickok
56%
Doc Holliday
45%
Calamity Jane
44%
Butch Cassidy
38%

Score Distribution

Percentile by Number Answered

Percent of People with Each Score

Your Score History

You have not taken this quiz